000 00977nam a22002891a 4500
001 43836
003 BD-RjUL
005 20211209053747.0
008 1606 s1969 enk b b 001 0 eng d
020 _a0080133215
035 _a(BD-RjUL)43954
040 _aDLC
_cDLC
_dSER
_dUKM
_dBD-RjUL
_dEQO
_beng
041 _aeng
082 _a370.1950947
_223
_bGRS 1969
100 1 0 _aGrant, Nigel,
_d1932-2003
_9134727
245 1 0 _aSociety, schools, and progress in Eastern Europe /
_cby Nigel Grant
250 _a1st ed.
260 _aOxford :
_aNew York :
_bPergamon Press,
_cc1969
300 _axxi, 363 p. ;
_c20 cm.
490 1 _aCommonwealth and international library. Education and educational research division
500 _aInclude index
650 0 _aEducation
_zEurope, Eastern
_xHistory
_9134728
650 0 _aCommunist education
_zEurope, Eastern
_9134729
830 0 _aCommonwealth and international library.
_9131615
942 _2ddc
_cBK
999 _c43836
_d43836